| 000 | 00000nas 2200000za 4500 |
| 001 | 9.817519 |
| 003 | CaOODSP |
| 005 | 20221107142510 |
| 007 | cr ||||||||||| |
| 008 | 160512d19191921oncar p oss f000#a0eng|d |
| 040 | |aCaOODSP|beng |
| 041 | |aeng|afre |
| 043 | |an-cn--- |
| 086 | 1 |aCS52-207-PDF |
| 245 | 00|aRailway statistics for the year ended December 31, ... |h[electronic resource]. |
| 246 | 15|aStatistique des chemins de fer pour l'année terminée le 31 décembre ... |
| 260 | |aOttawa : |bDominion Bureau of Statistics, Transportation Branch = Bureau fédéral de la statistique, Branche des transports, |c1921-1922. |
| 310 | |aAnnual |
| 362 | 0 |a1919-1921. |
| 500 | |aDigitized edition from print [produced by Statistics Canada]. |
| 500 | |aFrom sworn returns furnished by the several railway companies. |
| 500 | |aPrinted by Order of Parliament. |
| 546 | |aText in English and French with separate title pages. |
| 692 | 07|2gccst|aRailway networks |
| 692 | 07|2gccst|aRail transport |
| 710 | 1 |aCanada. |bDominion Bureau of Statistics.|bTransportation Branch. |
| 780 | 00|tRailway statistics of the Dominion of Canada for the year ended 30th June ... |w(CaOODSP)9.817516 |
| 785 | 00|tStatistics of steam railways of Canada |w(CaOODSP)9.817533 |
| 792 | |tRailway statistics for the year ended December 31, ... |efre|w(CaOODSP)9.817523 |